000 00566nam a2200169 i 4500
001 30697
003 ES-MaACL
005 20230906154235.0
007 t|
008 030127s1932 fr ||||1| fre d
100 1 _aBatiffol, Louis.
_926424
245 1 3 _aLa vie de Paris sous Louis XIII
_b: l'existence pittoresque des parisiens an XVII siécle /
_cLouis Batiffol.
260 _aParís :
_bCalmann-Lévy,
_c1932 (
_eCoulommiers :
_fPaul Brodard)
300 _a252 p. ;
_c19 cm.
651 4 _aParis-
_xUsos y costumbres-
_yS.XVII.
_9163735
852 _aES-MaACL
_jA-1126
999 _c30697
_d30697